[Event "EU-ch U18 Girls 28th"]
[Site "Riga"]
[Date "2018.08.20"]
[Round "1"]
[White "Dolbieva, Ksenia"]
[Black "Dimitrova, Aleksandra"]
[Result "0-1"]
[WhiteElo "1845"]
[BlackElo "2166"]
[PlyCount "72"]
[EventDate "2018.08.20"]
[EventType "swiss"]
[EventRounds "9"]
[EventCountry "LAT"]
[SourceTitle "CBM 186 Extra"]
[Source "ChessBase"]
[SourceDate "2018.08.24"]
[SourceVersion "1"]
[SourceVersionDate "2018.08.24"]
[SourceQuality "1"]

1. d4 Nf6 2. c4 e6 3. Nf3 b6 4. Qc2 Bb7 5. Nc3 c5 6. e4 cxd4 7. Nxd4 Bb4 8. f3 0-0 9. Bd3 d5 10. cxd5 exd5 11. e5 Re8 12. f4 Nbd7 13. 0-0 Bc5 14. Nce2 Ne4 15. Be3 Rc8 16. Qa4 Bf8 17. b4 a5 18. a3 Nd6 19. Ra2 Nc4 20. Bf2 g6 21. Qb3 Nb8 22. Rc2 Na6 23. Be1 Qe7 24. Nb5 axb4 25. Nd6 Nc5 26. Nxc8 Rxc8 27. Qxb4 Nxd3 28. Qxe7 Bxe7 29. Rc3 Nxe1 30. Rxe1 Bxa3 31. Rb1 Bc5+ 32. Kh1 Ra8 33. Nc1 Nd2 34. Rb2 Bd4 35. Rxd2 Bxc3 36. Rc2 d4 0-1

[Event "EU-ch U16 Girls 27th"]
[Site "Mamaia"]
[Date "2017.09.11"]
[Round "6"]
[White "Dolbieva, Ksenia"]
[Black "Sankova, Stella"]
[Result "0-1"]
[WhiteElo "1819"]
[BlackElo "1922"]
[PlyCount "84"]
[EventDate "2017.09.05"]
[EventType "swiss"]
[EventRounds "9"]
[EventCountry "ROU"]
[SourceTitle "CBM 180 Extra"]
[Source "ChessBase"]
[SourceDate "2017.10.06"]
[SourceVersion "1"]
[SourceVersionDate "2017.10.06"]
[SourceQuality "1"]

1. Nf3 Nf6 2. c4 e6 3. Nc3 b6 4. d4 Bb4 5. Bd2 Bb7 6. e3 0-0 7. Bd3 c5 8. 0-0 cxd4 9. exd4 d5 10. cxd5 Bxc3 11. bxc3 Bxd5 12. Re1 Nc6 13. Ne5 Nxe5 14. dxe5 Nd7 15. Qh5 g6 16. Qh6 f5 17. Bb5 Nc5 18. c4 Be4 19. Bb4 Qc7 20. Rad1 Rad8 21. Qe3 Rxd1 22. Rxd1 Rd8 23. Rd4 a6 24. Bxc5 bxc5 25. Rxd8+ Qxd8 26. Ba4 Qd3 27. Qxd3 Bxd3 28. Bb3 g5 29. f3 Kg7 30. Kf2 f4 31. g4 fxg3+ 32. hxg3 h5 33. Ke3 Bb1 34. f4 Kg6 35. Bd1 Bxa2 36. Bc2+ Kh6 37. Kd3 gxf4 38. gxf4 h4 39. Kc3 h3 40. f5 h2 41. Be4 exf5 42. Bd5 Kg7 0-1

[Event "Agneaux St Lo op 18th"]
[Site "Agneaux"]
[Date "2017.07.12"]
[Round "6.2"]
[White "Vainerchuk, Barys"]
[Black "Dolbieva, Ksenia"]
[Result "1-0"]
[WhiteElo "1744"]
[BlackElo "1915"]
[PlyCount "83"]
[EventDate "2017.07.08"]
[EventType "swiss"]
[EventRounds "9"]
[EventCountry "FRA"]
[SourceTitle "EXT 2020"]
[Source "ChessBase"]
[SourceDate "2019.10.17"]
[SourceVersion "1"]
[SourceVersionDate "2019.10.17"]
[SourceQuality "1"]

1. e4 c5 2. Nf3 e6 3. d4 cxd4 4. Nxd4 Nc6 5. Nc3 Nf6 6. Be3 Qc7 7. Be2 Bb4 8. f3 0-0 9. 0-0 a6 10. Qd2 d5 11. exd5 Nxd5 12. Bf2 Qa5 13. Nxc6 bxc6 14. Be1 Rd8 15. Bd3 Rb8 16. Kh1 c5 17. Qg5 Bd7 18. Nxd5 exd5 19. c3 Bb5 20. cxb4 cxb4 21. Bxb5 Qxb5 22. Bg3 Rbc8 23. Be5 f6 24. Bxf6 Rd7 25. Bd4 Rc6 26. Qe5 Rf7 27. Rfc1 Rxc1+ 28. Rxc1 h6 29. h3 Qd7 30. Re1 Kh7 31. Qe6 Qc7 32. Qxd5 Rd7 33. Qf5+ g6 34. Qf6 Qd8 35. Re6 Qxf6 36. Bxf6 Rd1+ 37. Kh2 a5 38. Ra6 Rd5 39. Ra7+ Kg8 40. Rg7+ Kf8 41. Rxg6 Kf7 42. Rxh6 1-0

[Event "BLR-ch (Women)"]
[Site "Minsk"]
[Date "2017.01.19"]
[Round "7"]
[White "Dolbieva, Ksenia"]
[Black "Khrapko, Marharyta"]
[Result "1-0"]
[WhiteElo "1803"]
[BlackElo "2078"]
[PlyCount "83"]
[EventDate "2017.01.13"]
[EventType "tourn"]
[EventRounds "9"]
[EventCountry "BLR"]
[SourceTitle "CBM 176 Extra"]
[Source "ChessBase"]
[SourceDate "2017.03.02"]
[SourceVersion "1"]
[SourceVersionDate "2017.03.02"]
[SourceQuality "1"]

1. c4 e5 2. Nc3 d6 3. e3 Nd7 4. b3 g6 5. Bb2 Bg7 6. h3 Ne7 7. Nge2 0-0 8. Qc2 Nc5 9. 0-0-0 Nc6 10. a3 a5 11. g4 f5 12. d4 exd4 13. exd4 Ne6 14. Nb5 Qg5+ 15. Qd2 Qh4 16. Kb1 Ng5 17. Bg2 Ne4 18. Bxe4 fxe4 19. Nxc7 Rb8 20. Ng3 Bh6 21. Qe1 e3 22. fxe3 Rf3 23. Nf1 Qe7 24. Nd5 Qe4+ 25. Ka1 Qc2 26. Nd2 Rf8 27. Rc1 Qd3 28. Rc3 Nxd4 29. Rxd3 Nc2+ 30. Ka2 Nxe1 31. Rxe1 Be6 32. Nf6+ Kf7 33. Nxh7 Rfc8 34. Rf1+ Ke7 35. Bf6+ Kd7 36. Be5 Rc6 37. Ne4 a4 38. Nhf6+ Kd8 39. Rfd1 axb3+ 40. Kb2 Rbc8 41. Nxd6 Bxc4 42. Nxc4+ 1-0

[Event "BLR-ch (Women)"]
[Site "Minsk"]
[Date "2017.01.17"]
[Round "5"]
[White "Dolbieva, Ksenia"]
[Black "Ilyuchyk, Yana"]
[Result "0-1"]
[WhiteElo "1803"]
[BlackElo "1966"]
[PlyCount "50"]
[EventDate "2017.01.13"]
[EventType "tourn"]
[EventRounds "9"]
[EventCountry "BLR"]
[SourceTitle "CBM 176 Extra"]
[Source "ChessBase"]
[SourceDate "2017.03.02"]
[SourceVersion "1"]
[SourceVersionDate "2017.03.02"]
[SourceQuality "1"]

1. d4 Nf6 2. c4 g6 3. Nc3 Bg7 4. e4 d6 5. f3 0-0 6. Be3 e5 7. Nge2 Nc6 8. Qd2 a6 9. d5 Ne7 10. Nc1 Nd7 11. g4 f5 12. gxf5 gxf5 13. Nd3 Nf6 14. 0-0-0 b5 15. c5 Bd7 16. Rg1 Rf7 17. Bh6 Qf8 18. c6 Bc8 19. Nf2 Ng6 20. Bxg7 Rxg7 21. Bh3 fxe4 22. fxe4 Nh5 23. Ne2 Qxf2 24. Qg5 Bxh3 25. Qxh5 Bg2 0-1